| 000 | 00415nam a22001697a 4500 | ||
|---|---|---|---|
| 003 | SGT | ||
| 020 | _a9788131263877 | ||
| 082 |
_a617.51 _bM22D |
||
| 100 | _aDHINGRA, PL | ||
| 245 | _aMANUAL OF CLINICAL CASES IN EAR, NOSE & THROAT | ||
| 250 | _a2ND | ||
| 260 |
_aINDIA _bELSEVIER PUB _c2022 |
||
| 300 | _a181 | ||
| 650 | _aENT | ||
| 653 | _aMANUAL OF CLINICAL CASES IN EAR, NOSE & THROAT | ||
| 942 |
_2ddc _cBK _07 |
||
| 999 |
_c23295 _d23295 |
||